| 000 | 00344nam a22001337a 4500 | ||
|---|---|---|---|
| 003 | SGT | ||
| 082 | _a340,ALI | ||
| 100 | _aALIVE,STAYING | ||
| 245 | _aTHIRD MONITORING & EVALUTION REPORT ONTHE PROTECTION OF WOMEN FROM | ||
| 260 |
_aNEW DELHI _bALIVE STRYING _c2009 |
||
| 300 | _a212 | ||
| 650 | _aTHIRD MONITORING & EVALUTION | ||
| 942 |
_2ddc _cBK |
||
| 999 |
_c11020 _d11020 |
||